Almanac of business and industrial financial ratios / (Record no. 3790)

000 -LEADER
fixed length control field 03204cas a2200685 a 4500
001 - CONTROL NUMBER
control field 11285208
003 - CONTROL NUMBER IDENTIFIER
control field Nust
005 - DATE AND TIME OF LATEST TRANSACTION
control field 20170105101225.0
008 - FIXED-LENGTH DATA ELEMENTS--GENERAL INFORMATION
fixed length control field 750901c19uu9999iluar s 0 a0eng c
010 ## - LIBRARY OF CONGRESS CONTROL NUMBER
LC control number 84643204
016 7# - NATIONAL BIBLIOGRAPHIC AGENCY CONTROL NUMBER
Record control number 009827844
Source Uk
022 0# - INTERNATIONAL STANDARD SERIAL NUMBER
International Standard Serial Number 0747-9107
ISSN-L 0747-9107
Source 1
035 ## - SYSTEM CONTROL NUMBER
System control number (OCoLC)ocm01587875
040 ## - CATALOGING SOURCE
Original cataloging agency MUL
Language of cataloging eng
Transcribing agency MUL
Modifying agency COO
-- YUS
-- DLC
-- OCL
-- DLC
-- NSD
-- OCL
-- DLC
-- NST
-- NYG
-- NST
-- DLC
-- IUL
-- OCL
-- IUL
-- WAU
-- MYG
-- DLC
-- GUA
-- DLC
-- HNK
-- UWC
-- HNK
-- NLGGC
-- DLC
-- LVB
-- CO3
-- OCLCQ
-- UKMGB
-- TULIB
-- OCLCQ
-- OCLCF
-- YDXCP
-- MNE
-- C7M
-- EVI
-- INU
042 ## - AUTHENTICATION CODE
Authentication code pcc
-- nsdp
043 ## - GEOGRAPHIC AREA CODE
Geographic area code n-us---
050 00 - LIBRARY OF CONGRESS CALL NUMBER
Classification number HF5681.R25
Item number A45
082 04 - DEWEY DECIMAL CLASSIFICATION NUMBER
Classification number 338.7/4/0973
Edition number 22
210 0# - ABBREVIATED TITLE
Abbreviated title Alm. bus. ind. financ. ratios
222 #0 - KEY TITLE
Key title Almanac of business and industrial financial ratios
245 00 - TITLE STATEMENT
Title Almanac of business and industrial financial ratios /
Statement of responsibility, etc. by Leo Troy.
246 30 - VARYING FORM OF TITLE
Title proper/short title Business and industrial financial ratios
260 ## - PUBLICATION, DISTRIBUTION, ETC.
Place of publication, distribution, etc. Englewood Cliffs, N.J. :
Name of publisher, distributor, etc. Prentice-Hall
Date of publication, distribution, etc. 2000
300 ## - PHYSICAL DESCRIPTION
Extent 740p
Dimensions 30 cm.
310 ## - CURRENT PUBLICATION FREQUENCY
Current publication frequency Annual
500 ## - GENERAL NOTE
General note Published: New York : Aspen, 2003-2004; Chicago : CCH Incorporated, 2005-
500 ## - GENERAL NOTE
General note Accompanied by CD-ROM, <2006->
515 ## - NUMBERING PECULIARITIES NOTE
Numbering peculiarities note Issues for 1994-1995 also called: 25th anniversary ed.-26th anniversary ed.
515 ## - NUMBERING PECULIARITIES NOTE
Numbering peculiarities note Issues for 1996- also called: 27th annual ed.-
520 ## - SUMMARY, ETC.
Summary, etc. Provides financial ratios for companies in various asset ranges by SIC code. Data reported are based on aggregate numbers from IRS records.
525 ## - SUPPLEMENT NOTE
Supplement note Has also supplement: Special report.
530 ## - ADDITIONAL PHYSICAL FORM AVAILABLE NOTE
Additional physical form available note Also issued on CD-ROM, 1997-
588 ## - SOURCE OF DESCRIPTION NOTE
Source of description note Description based on: 1971.
588 ## - SOURCE OF DESCRIPTION NOTE
Source of description note Latest issue consulted: 2006 ed.
590 ## - LOCAL NOTE (RLIN)
Local note SERBIB/SERLOC merged record
650 #0 - SUBJECT ADDED ENTRY--TOPICAL TERM
Topical term or geographic name entry element Ratio analysis
Form subdivision Periodicals.
650 #0 - SUBJECT ADDED ENTRY--TOPICAL TERM
Topical term or geographic name entry element Corporations
Geographic subdivision United States
General subdivision Finance
Form subdivision Statistics
-- Periodicals.
650 #0 - SUBJECT ADDED ENTRY--TOPICAL TERM
Topical term or geographic name entry element Industrial statistics
Geographic subdivision United States
Form subdivision Periodicals.
650 #4 - SUBJECT ADDED ENTRY--TOPICAL TERM
Topical term or geographic name entry element Ratio analysis.
650 #4 - SUBJECT ADDED ENTRY--TOPICAL TERM
Topical term or geographic name entry element Industries
Geographic subdivision United States.
650 #6 - SUBJECT ADDED ENTRY--TOPICAL TERM
Topical term or geographic name entry element Ratios (Analyse financière)
Form subdivision Périodiques.
650 #6 - SUBJECT ADDED ENTRY--TOPICAL TERM
Topical term or geographic name entry element Sociétés
Geographic subdivision États-Unis
General subdivision Finances
Form subdivision Périodiques.
650 17 - SUBJECT ADDED ENTRY--TOPICAL TERM
Topical term or geographic name entry element Financiële analyse.
Source of heading or term gtt
650 17 - SUBJECT ADDED ENTRY--TOPICAL TERM
Topical term or geographic name entry element Balansanalyse.
Source of heading or term gtt
650 #7 - SUBJECT ADDED ENTRY--TOPICAL TERM
Topical term or geographic name entry element Corporations
General subdivision Finance.
Source of heading or term fast
Authority record control number or standard number (OCoLC)fst00879841
650 #7 - SUBJECT ADDED ENTRY--TOPICAL TERM
Topical term or geographic name entry element Industrial statistics.
Source of heading or term fast
Authority record control number or standard number (OCoLC)fst00971751
650 #7 - SUBJECT ADDED ENTRY--TOPICAL TERM
Topical term or geographic name entry element Ratio analysis.
Source of heading or term fast
Authority record control number or standard number (OCoLC)fst01090250
651 #7 - SUBJECT ADDED ENTRY--GEOGRAPHIC NAME
Geographic name United States.
Source of heading or term fast
Authority record control number or standard number (OCoLC)fst01204155
655 #7 - INDEX TERM--GENRE/FORM
Genre/form data or focus term Periodicals.
Source of term fast
Authority record control number (OCoLC)fst01411641
655 #7 - INDEX TERM--GENRE/FORM
Genre/form data or focus term Statistics.
Source of term fast
Authority record control number (OCoLC)fst01423727
700 1# - ADDED ENTRY--PERSONAL NAME
Personal name Troy, Leo.
776 1# - ADDITIONAL PHYSICAL FORM ENTRY
Title Almanac of business and industrial financial ratios (CD-ROM)
Record control number (DLC)sn 97038112
-- (OCoLC)36646455
906 ## - LOCAL DATA ELEMENT F, LDF (RLIN)
a 7
b cbc
c serials
d 3
e ncip
f 19
g n-oclcserc
942 ## - ADDED ENTRY ELEMENTS (KOHA)
Source of classification or shelving scheme
Koha item type Book
Holdings
Withdrawn status Lost status Source of classification or shelving scheme Damaged status Not for loan Collection code Permanent Location Current Location Shelving location Date acquired Total Checkouts Full call number Barcode Date last seen Price effective from Koha item type
            Central Library (CL) Central Library (CL) Reference 12/06/2016   338.7/4/0973 ALM S3H-N-1171 12/06/2016 12/06/2016 Book
© 2023 Central Library, National University of Sciences and Technology. All Rights Reserved.